| 000 | 00939cam a2200289 4500 | ||
|---|---|---|---|
| 008 | 090401t1993 xxu||||| |||| 00| 0 eng d | ||
| 020 | _a0419155902 | ||
| 035 | _a(Sirsi) u62515 | ||
| 041 | _aeng | ||
| 050 | _a658.99 | ||
| 100 | _aBarrett, Peter | ||
| 245 | _aProfitable practice management for the construction professional. | ||
| 260 |
_aLondon _bE. & F.N. Spon _c1993 |
||
| 300 | _axvii,174p. ; 24cm. | ||
| 350 | _a27.5 | ||
| 520 | _aA reference work which looks at both the theory and practice of strategic management, marketing, cost and time control, task design and staff motivation. | ||
| 650 | _aBUILDING INDUSTRY | ||
| 650 | _aCONSTRUCTION PROFESSIONALS | ||
| 650 | _aCOST CONTROL | ||
| 650 | _aMARKETING | ||
| 650 | _aMOTIVATION | ||
| 650 | _aPRACTICE MANAGEMENT | ||
| 650 | _aSTRATEGIC MANAGEMENT | ||
| 690 | _aMANAGEMENT-BUSINESS MANAGEMENT-PROFESSIONAL PRACTICE | ||
| 942 | _n0 | ||
| 948 | _c04/03/1997 | ||
| 999 |
_c94431 _d94431 |
||